000 00694nam a2200289Ia 4500
005 20260324121241.0
008 008 260324s9999 xx 000 0 eng d
020 _a9780429071980
037 _aEBOOK
040 _aCRL
040 _beng
040 _cCRL
041 _2eng
041 _aeng
084 _qCRL
100 _aKumar S. Ray
_91161783
245 0 _aSoft Computing and Its Applications, Volume One
245 2 _bA Unified Engineering Concept
260 _bTaylor and Francis
260 _c2014
365 _a
365 _b355
856 _uhttp://www.taylorfrancis.com/books/9780429071980
942 _cEBOOK
999 _c1753762
_d1753762